Tư tưởng Hồ Chí Minh di sản văn hoá dân tộc
Sparad:
| Materialtyp: | Bok |
|---|---|
| Språk: | Undetermined |
| Publicerad: |
H.
QĐND
2002
|
| Ämnen: | |
| Taggar: |
Lägg till en tagg
Inga taggar, Lägg till första taggen!
|
| Thư viện lưu trữ: | Trung tâm Học liệu Trường Đại học Cần Thơ |
|---|
| LEADER | 00458nam a2200169Ia 4500 | ||
|---|---|---|---|
| 001 | CTU_52968 | ||
| 008 | 210402s9999 xx 000 0 und d | ||
| 020 | |b 295000 | ||
| 082 | |a 324.2075092 | ||
| 082 | |b T550 | ||
| 245 | 0 | |a Tư tưởng Hồ Chí Minh di sản văn hoá dân tộc | |
| 260 | |a H. | ||
| 260 | |b QĐND | ||
| 260 | |c 2002 | ||
| 650 | |a ho chi minh | ||
| 650 | |x biography | ||
| 980 | |a Trung tâm Học liệu Trường Đại học Cần Thơ | ||